5HLuxD.jpg

KING HENRY VIII SENIOR AND PRIMARY SCHOOL LIBRARY OPAC

Goldfish / (Record no. 2766)

000 -LEADER
fixed length control field 01553cam a22003253 4500
001 - CONTROL NUMBER
control field .b13380692
003 - CONTROL NUMBER IDENTIFIER
control field OCoLC
005 - DATE AND TIME OF LATEST TRANSACTION
control field 20230819151955.0
008 - FIXED-LENGTH DATA ELEMENTS--GENERAL INFORMATION
fixed length control field 080711s2008 enka j 000 0 eng d
020 ## - INTERNATIONAL STANDARD BOOK NUMBER
International Standard Book Number 0194791173 (hbk.)
020 ## - INTERNATIONAL STANDARD BOOK NUMBER
International Standard Book Number 9780194791175 (hbk.)
035 ## - SYSTEM CONTROL NUMBER
System control number (OCoLC)233789130
040 ## - CATALOGING SOURCE
Original cataloging agency YDXCP
Transcribing agency YDXCP
Modifying agency TW-KhWUC
-- KH8
041 0# - LANGUAGE CODE
Language code of text/sound track or separate title eng
042 ## - AUTHENTICATION CODE
Authentication code nbic
044 ## - COUNTRY OF PUBLISHING/PRODUCING ENTITY CODE
MARC country code xxk
082 0# - DEWEY DECIMAL CLASSIFICATION NUMBER
Classification number 428.6 LIN
Item number B724(1) L3Cr v.1
100 1# - MAIN ENTRY--PERSONAL NAME
Personal name Lindop, Christine,
Relator term author.
245 10 - TITLE STATEMENT
Title Goldfish /
Statement of responsibility, etc. Raymond Chandler ; retold by Christine Lindop ; illustrated by Terry Hand.
260 ## - PUBLICATION, DISTRIBUTION, ETC.
Place of publication, distribution, etc. Oxford :
Name of publisher, distributor, etc. Oxford University Press,
Date of publication, distribution, etc. 2008.
300 ## - PHYSICAL DESCRIPTION
Extent 72 p. :
Other physical details ill. ;
Dimensions 20 cm.
440 #0 - SERIES STATEMENT/ADDED ENTRY--TITLE
Title Oxford bookworms library.
Number of part/section of a work Stage 3,
Name of part/section of a work Crime & mystery.
500 ## - GENERAL NOTE
General note Stage 3 : 1000 headwords.
520 ## - SUMMARY, ETC.
Summary, etc. "The Leander pearls were stolen nineteen years ago. The thief was caught, but the pearls were never found, and there is still a $25,000 reward for anyone who finds them. Then somebody comes to private detective Carmady with a story about a guy who knows where the pearls are hidden. Carmady agrees to talk to the guy who says he knows. But he finds him dead in his bed, with burned feet, and it seems there are quite a lot of people in Los Angeles who have heard the story, and who are out looking for the Leander pearls . . ." -- from back cover.
650 #0 - SUBJECT ADDED ENTRY--TOPICAL TERM
Topical term or geographic name entry element Detective and mystery stories, American.
650 #0 - SUBJECT ADDED ENTRY--TOPICAL TERM
Topical term or geographic name entry element Readers for new literates.
700 1# - ADDED ENTRY--PERSONAL NAME
Personal name Hand, Terry.
700 1# - ADDED ENTRY--PERSONAL NAME
Personal name Chandler, Raymond,
Dates associated with a name 1888-1959.
942 ## - ADDED ENTRY ELEMENTS (KOHA)
Source of classification or shelving scheme
Koha item type Teaching Resources
Holdings
Withdrawn status Lost status Source of classification or shelving scheme Damaged status Not for loan Collection code Permanent Location Current Location Shelving location Date acquired Total Checkouts Full call number Barcode Date due Date last seen Date last checked out Price effective from Koha item type
          Teaching Resources KH8 Senior School Library KH8 Senior School Library Staff Office 2023-08-19 3 428.6 LIN TRKHSL002148 2025-07-04 2025-03-27 2025-03-27 2023-08-19 Teaching Resources

Powered By KH8 IT Dept